| 000 | 00544 a2200157 4500 | ||
|---|---|---|---|
| 999 |
_c4317 _d4317 |
||
| 020 | _a1903300231 | ||
| 050 | _aLB2844CAR20001 | ||
| 100 |
_aCarroll,Clive and Simco Neil _eauthors |
||
| 245 |
_aSucceeding as an induction tutor / _cClive Carroll; Neil Simco |
||
| 264 |
_aExeter : _bLearning Matters, _c2001 |
||
| 300 | _a120p. : | ||
| 500 | _aincludes index | ||
| 650 | _a Elementary school teachers -- In-service training -- Great Britain. | ||
| 650 | _afirst year teachers -- Supervision of -- Great Britain. | ||
| 942 |
_2lcc _cBK _h2844 _iCAR _kLB |
||